00386cam a22000977a 4500008004000000082001700040245010400057260006300161300001100224700005300235180718b1946 xxu||||| |||| 00| 0 eng d aB135x54 In2d aDeveloping village India: studies in village problemscby Imperial Council of Agircultural Research aNew DelhibImperial Council of Agricultural Researchc1946 a291+p. aIndia. Imperial Council of Agricultural Research